[Event "Arrecife de Lanzarote op"]
[Site "Arrecife de Lanzarote"]
[Date "2017.06.14"]
[Round "6"]
[White "Todorcevic, Miodrag"]
[Black "Korneev, Svyatoslav"]
[Result "1-0"]
[WhiteElo "2401"]
[BlackElo "2175"]
[PlyCount "103"]
[EventDate "2017.06.11"]
[EventType "swiss"]
[EventRounds "9"]
[EventCountry "ESP"]
[SourceTitle "EXT 2018"]
[Source "ChessBase"]
[SourceDate "2017.10.13"]
[SourceVersion "1"]
[SourceVersionDate "2017.10.13"]
[SourceQuality "1"]

1. Nf3 Nf6 2. g3 d5 3. Bg2 c6 4. b3 h6 5. Bb2 Bf5 6. d3 e6 7. 0-0 Nbd7 8. c4 Be7 9. Nc3 0-0 10. a3 a5 11. Rc1 Bh7 12. Nd2 Qb6 13. cxd5 exd5 14. e4 Nc5 15. e5 Ne8 16. Ra1 Nxd3 17. Na4 Qa7 18. Nf3 b5 19. Bd4 c5 20. Nb2 Nxb2 21. Bxb2 Qd7 22. Ne1 Nc7 23. f4 Bf5 24. Bf3 Be6 25. g4 f5 26. exf6 Bxf6 27. Bxf6 Rxf6 28. Nd3 c4 29. Ne5 Qd6 30. Qd4 Ra6 31. f5 Bf7 32. Kg2 cxb3 33. Rac1 b4 34. a4 Be8 35. Be2 Ra8 36. h4 b2 37. Qxb2 d4 38. Bc4+ Kh7 39. Rce1 Bc6+ 40. Kh3 Re8 41. Nxc6 Rxe1 42. Rxe1 Qxc6 43. Qb3 Qd6 44. Qf3 Qc5 45. g5 Rf8 46. Bd3 Nd5 47. Re5 Rd8 48. f6+ g6 49. Bxg6+ Kh8 50. f7 Kg7 51. gxh6+ Kxg6 52. Qg4+ 1-0

[Event "Arrecife de Lanzarote op"]
[Site "Arrecife de Lanzarote"]
[Date "2017.06.11"]
[Round "1"]
[White "Diaz Perez, Jose Juan"]
[Black "Todorcevic, Miodrag"]
[Result "0-1"]
[WhiteElo "1741"]
[BlackElo "2401"]
[PlyCount "74"]
[EventDate "2017.06.11"]
[EventType "swiss"]
[EventRounds "9"]
[EventCountry "ESP"]
[SourceTitle "EXT 2018"]
[Source "ChessBase"]
[SourceDate "2017.10.13"]
[SourceVersion "1"]
[SourceVersionDate "2017.10.13"]
[SourceQuality "1"]

1. d4 g6 2. c4 Bg7 3. Nc3 d6 4. e4 Nd7 5. f4 e5 6. fxe5 dxe5 7. d5 Nh6 8. Nf3 f6 9. Be2 Nf7 10. 0-0 0-0 11. Be3 f5 12. b4 f4 13. Bf2 g5 14. h3 a5 15. a3 axb4 16. axb4 Rxa1 17. Qxa1 h5 18. Nh2 Nf6 19. Qd1 Nd6 20. Bc5 b6 21. Bxd6 Qxd6 22. b5 Qb4 23. Qd3 g4 24. Kh1 Qc5 25. Rd1 Qf2 26. Bf1 f3 27. gxf3 g3 28. Rd2 Qc5 29. Qe2 gxh2 30. Qxh2 Nh7 31. Qg2 Qe3 32. Rd3 Qc1 33. Nd1 Kh8 34. Qg6 Qg5 35. Qc6 Qh4 36. Kh2 Ng5 37. f4 Qxf4+ 0-1

[Event "ESP-ch 77th"]
[Site "San Agustin"]
[Date "2012.10.02"]
[Round "4"]
[White "Alsina Leal, Daniel"]
[Black "Todorcevic, Miodrag"]
[Result "1/2-1/2"]
[WhiteElo "2528"]
[BlackElo "2420"]
[PlyCount "136"]
[EventDate "2012.09.29"]
[EventType "swiss"]
[EventRounds "9"]
[EventCountry "ESP"]
[SourceTitle "CBM 150 Extra"]
[Source "ChessBase"]
[SourceDate "2012.10.19"]
[SourceVersion "1"]
[SourceVersionDate "2012.10.19"]
[SourceQuality "1"]

1. e4 g6 2. d4 Bg7 3. Nc3 d6 4. f4 Nc6 5. Be3 Nf6 6. Nf3 0-0 7. e5 Ng4 8. Bg1 dxe5 9. dxe5 Qxd1+ 10. Rxd1 f6 11. h3 Nh6 12. Nb5 fxe5 13. Nxc7 Rb8 14. fxe5 Nf5 15. Bf2 b6 16. Bc4+ Kh8 17. Be2 Nxe5 18. Ng5 Bf6 19. Nge6 Bxe6 20. Nxe6 Rfc8 21. c3 Nc4 22. Bxc4 Rxc4 23. 0-0 Re4 24. Rfe1 Rxe1+ 25. Bxe1 Kg8 26. Rd7 Kf7 27. Nf4 a5 28. Bf2 Be5 29. Nd3 Bd6 30. c4 h5 31. Ra7 h4 32. Kf1 Ng3+ 33. Ke1 g5 34. Bxg3 hxg3 35. Ke2 Kf6 36. b3 Kf5 37. c5 bxc5 38. Rxa5 Ke4 39. Nxc5+ Bxc5 40. Rxc5 Rf8 41. Rc4+ Kd5 42. Kd3 Rf2 43. Rc2 Rf1 44. Re2 e5 45. Re3 Rd1+ 46. Ke2 Ra1 47. Rxg3 Rxa2+ 48. Kd3 Rb2 49. Kc3 Re2 50. Rxg5 Re3+ 51. Kb4 Kd4 52. Rg8 Re1 53. Rd8+ Ke3 54. Kc5 Rc1+ 55. Kb5 e4 56. b4 Kf2 57. g4 e3 58. Rf8+ Kg2 59. Re8 Kf2 60. Ka6 e2 61. b5 Ra1+ 62. Kb7 Ra3 63. Rxe2+ Kxe2 64. h4 Ra4 65. g5 Rxh4 66. b6 Rg4 67. Kc7 Rxg5 68. b7 Rg7+ 1/2-1/2

[Event "ESP-ch 77th"]
[Site "San Agustin"]
[Date "2012.09.29"]
[Round "1"]
[White "Todorcevic, Miodrag"]
[Black "Diaz Perez, Jose Juan"]
[Result "1-0"]
[WhiteElo "2420"]
[BlackElo "1730"]
[PlyCount "141"]
[EventDate "2012.09.29"]
[EventType "swiss"]
[EventRounds "9"]
[EventCountry "ESP"]
[SourceTitle "CBM 150 Extra"]
[Source "ChessBase"]
[SourceDate "2012.10.19"]
[SourceVersion "1"]
[SourceVersionDate "2012.10.19"]
[SourceQuality "1"]

1. Nf3 d5 2. c4 c6 3. b3 Nf6 4. Bb2 Bf5 5. d3 e6 6. Nbd2 Nbd7 7. Qc2 Qa5 8. e3 Ba3 9. Bxa3 Qxa3 10. Be2 h6 11. 0-0 0-0 12. Rfd1 e5 13. Rac1 Rac8 14. Nb1 Qe7 15. cxd5 cxd5 16. Qxc8 Rxc8 17. Rxc8+ Kh7 18. Rdc1 Ne8 19. R8c2 g5 20. Nbd2 g4 21. Ne1 Nef6 22. Nf1 h5 23. Rc7 Qb4 24. e4 dxe4 25. Ng3 exd3 26. Nxd3 Bxd3 27. Bxd3+ Kh6 28. Bf5 h4 29. Bxd7 hxg3 30. hxg3 Nxd7 31. Rxd7 Kg6 32. Kh2 Qb6 33. Rc2 f6 34. Rcd2 a6 35. R7d3 Qc5 36. Re3 Qc1 37. Rde2 Qc5 38. Re4 Kf5 39. Rc4 Qf8 40. f4 gxf3 41. gxf3 Qd6 42. Rce4 Qd3 43. R4e3 Qd5 44. a4 b6 45. Kg2 Qd1 46. f4 exf4 47. Rf2 Kg5 48. Rxf4 Qd2+ 49. Kf3 Qd5+ 50. Ke2 Qg2+ 51. Rf2 Qc6 52. Ref3 Qc2+ 53. Kf1 Qd1+ 54. Kg2 Qd5 55. Kh2 f5 56. Rxf5+ Qxf5 57. Rxf5+ Kxf5 58. Kh3 Kg5 59. g4 b5 60. axb5 axb5 61. b4 Kg6 62. Kh4 Kh6 63. g5+ Kg6 64. Kg4 Kg7 65. Kf5 Kf7 66. Ke5 Kg6 67. Kd5 Kxg5 68. Kc5 Kf6 69. Kxb5 Ke7 70. Ka6 Kd7 71. Kb7 1-0

[Event "ESP-ch"]
[Site "El Sauzal"]
[Date "2010.09.12"]
[Round "9"]
[White "Todorcevic, Miodrag"]
[Black "Camino Carrio, Nicanor"]
[Result "1-0"]
[WhiteElo "2434"]
[BlackElo "2137"]
[PlyCount "99"]
[EventDate "2010.09.04"]
[EventType "swiss"]
[EventRounds "9"]
[EventCountry "ESP"]
[SourceTitle "CBM 138 Extra"]
[Source "ChessBase"]
[SourceDate "2010.10.29"]
[SourceVersion "1"]
[SourceVersionDate "2010.10.29"]
[SourceQuality "1"]

1. e4 c5 2. d3 g6 3. g3 Bg7 4. Bg2 Nc6 5. c3 e5 6. Nf3 Nf6 7. 0-0 0-0 8. Nbd2 d6 9. a3 h6 10. b4 b6 11. Bb2 Be6 12. Re1 Qd7 13. d4 exd4 14. cxd4 Nxd4 15. Nxd4 cxd4 16. Nb3 Rac8 17. Nxd4 Bh3 18. Qd3 Bxg2 19. Kxg2 Rfe8 20. Re2 h5 21. Nf3 Qe6 22. Rd1 Rcd8 23. e5 Ng4 24. h3 Nh6 25. Rdd2 d5 26. Nd4 Qd7 27. f4 h4 28. e6 fxe6 29. Qxg6 Qf7 30. Rxe6 Rxe6 31. Qxe6 hxg3 32. Qxf7+ Kxf7 33. Nc6 Rd6 34. Bxg7 Kxg7 35. Nd4 Rg6 36. Rc2 Ng8 37. f5 Rd6 38. Kxg3 Nf6 39. Kf4 Ne4 40. Rc7+ Kf6 41. Rxa7 Nf2 42. Rh7 Rd8 43. Rh6+ Kf7 44. Rxb6 Nxh3+ 45. Ke5 Nf2 46. Rb7+ Kg8 47. f6 Ng4+ 48. Ke6 Re8+ 49. Re7 Rf8 50. Rg7+ 1-0

[Event "ESP-ch"]
[Site "El Sauzal"]
[Date "2010.09.11"]
[Round "8"]
[White "Espineira Gonzalez, Diego Adrian"]
[Black "Todorcevic, Miodrag"]
[Result "1-0"]
[WhiteElo "2287"]
[BlackElo "2434"]
[PlyCount "99"]
[EventDate "2010.09.04"]
[EventType "swiss"]
[EventRounds "9"]
[EventCountry "ESP"]
[SourceTitle "CBM 138 Extra"]
[Source "ChessBase"]
[SourceDate "2010.10.29"]
[SourceVersion "1"]
[SourceVersionDate "2010.10.29"]
[SourceQuality "1"]

1. e4 g6 2. d4 Bg7 3. Nc3 d6 4. Be3 c6 5. Qd2 Nd7 6. Nf3 b5 7. Bd3 Bb7 8. 0-0 a6 9. a4 Qc7 10. Rfe1 e5 11. axb5 cxb5 12. Bxb5 Ngf6 13. dxe5 dxe5 14. Bxd7+ Nxd7 15. Nd5 Bxd5 16. Qxd5 0-0 17. Ra4 Nb6 18. Qa5 Rab8 19. Rb4 Nd5 20. Qxc7 Nxc7 21. Rxb8 Rxb8 22. b3 Nb5 23. Ra1 Rd8 24. g4 Rd6 25. Kf1 f5 26. gxf5 gxf5 27. Bc5 Rc6 28. b4 fxe4 29. Nd2 e3 30. fxe3 Rf6+ 31. Ke2 Nc3+ 32. Kd3 e4+ 33. Nxe4 Nxe4 34. Kxe4 Re6+ 35. Kd5 Re5+ 36. Kd6 Rh5 37. Rg1 Kf7 38. Rg2 Be5+ 39. Kc6 Bxh2 40. Rf2+ Ke6 41. c4 Bg3 42. Ra2 Rg5 43. Rxa6 h5 44. Kb7+ Kf7 45. Bd6 h4 46. c5 Rg4 47. b5 Rb4 48. Bxg3 hxg3 49. b6 g2 50. Ra1 1-0

[Event "ESP-ch"]
[Site "El Sauzal"]
[Date "2010.09.09"]
[Round "6"]
[White "Senlle Caride, Miguel"]
[Black "Todorcevic, Miodrag"]
[Result "0-1"]
[WhiteElo "2233"]
[BlackElo "2434"]
[PlyCount "48"]
[EventDate "2010.09.04"]
[EventType "swiss"]
[EventRounds "9"]
[EventCountry "ESP"]
[SourceTitle "CBM 138 Extra"]
[Source "ChessBase"]
[SourceDate "2010.10.29"]
[SourceVersion "1"]
[SourceVersionDate "2010.10.29"]
[SourceQuality "1"]

1. e4 g6 2. d4 Bg7 3. Nc3 d6 4. f4 Nc6 5. Be3 Nf6 6. Nf3 0-0 7. Qd2 Bg4 8. f5 d5 9. h3 Bxf3 10. gxf3 e5 11. fxe6 fxe6 12. 0-0-0 Qe7 13. Qg2 Qf7 14. Qg5 Rad8 15. h4 Nh5 16. exd5 exd5 17. Bh3 Rfe8 18. Rhe1 h6 19. Qg4 Kh7 20. Re2 Re7 21. Rde1 Rf8 22. Bf2 Rxe2 23. Rxe2 Nf4 24. Rd2 h5 0-1

[Event "ESP-ch"]
[Site "El Sauzal"]
[Date "2010.09.08"]
[Round "5"]
[White "Todorcevic, Miodrag"]
[Black "Fernandez Losada, Daniel"]
[Result "1/2-1/2"]
[WhiteElo "2434"]
[BlackElo "2126"]
[PlyCount "138"]
[EventDate "2010.09.04"]
[EventType "swiss"]
[EventRounds "9"]
[EventCountry "ESP"]
[SourceTitle "CBM 138 Extra"]
[Source "ChessBase"]
[SourceDate "2010.10.29"]
[SourceVersion "1"]
[SourceVersionDate "2010.10.29"]
[SourceQuality "1"]

1. Nf3 c5 2. e4 e6 3. d3 Nc6 4. Nbd2 b6 5. g3 g6 6. Bg2 Bg7 7. 0-0 Nge7 8. c3 0-0 9. Re1 Bb7 10. a4 Qc7 11. h4 f5 12. exf5 Rxf5 13. Nc4 Raf8 14. Bg5 h6 15. Bxe7 Nxe7 16. Ncd2 Nc6 17. Rf1 Ne5 18. Nxe5 Bxg2 19. Kxg2 Bxe5 20. Qg4 Kh7 21. f4 Bg7 22. Nc4 h5 23. Qe2 a6 24. Ne3 R5f7 25. Kh3 d5 26. Ng2 Qd7 27. Kh2 e5 28. fxe5 Rxf1 29. Rxf1 Rxf1 30. Qxf1 Bxe5 31. Qf3 Bd6 32. Ne3 Qxa4 33. Qf7+ Kh6 34. Qf6 Qd7 35. Qg5+ Kg7 36. Qxd5 Qe7 37. Ng2 Qe5 38. Qb7+ Kh6 39. Qf3 b5 40. Ne3 Kg7 41. Kg2 b4 42. Nc4 Qe7 43. cxb4 cxb4 44. d4 Qc7 45. b3 a5 46. Qd3 a4 47. bxa4 Bxg3 48. d5 Bxh4 49. d6 Qc6+ 50. Kh2 Qc5 51. Qe2 Qg5 52. Qf3 Qc1 53. Ne5 Qd2+ 54. Kh3 Qxd6 55. Qf7+ Kh6 56. Qf4+ Kg7 57. Kxh4 b3 58. Qf7+ Kh6 59. Qf4+ Kg7 60. Qf7+ Kh6 61. Qe8 Qf6+ 62. Kg3 b2 63. Qb8 Qg5+ 64. Kf3 Qf5+ 65. Kg3 b1Q 66. Qh8+ Kg5 67. Qd8+ Kh6 68. Qh8+ Kg5 69. Qd8+ Kh6 1/2-1/2

[Event "Santa Cruz Bajada la Virgen 4th"]
[Site "Santa Cruz"]
[Date "2010.06.19"]
[Round "1.4"]
[White "Todorcevic, Miodrag"]
[Black "Guerra Arrocha, Daniel"]
[Result "1-0"]
[WhiteElo "2434"]
[BlackElo "1618"]
[PlyCount "47"]
[EventDate "2010.06.19"]
[EventType "swiss (blitz)"]
[EventRounds "9"]
[EventCountry "ESP"]
[SourceTitle "EXT 2024"]
[Source "ChessBase"]
[SourceDate "2023.10.10"]
[SourceVersion "1"]
[SourceVersionDate "2023.10.10"]
[SourceQuality "1"]

1. e4 e5 2. Nc3 Nf6 3. g3 Bc5 4. Bg2 0-0 5. d3 h6 6. Nge2 Ng4 7. 0-0 Qf6 8. d4 exd4 9. Nd5 Qd8 10. b4 Bb6 11. Bb2 Nf6 12. Nxb6 axb6 13. e5 Ne8 14. Nxd4 Nc6 15. Bxc6 dxc6 16. Qf3 Bh3 17. Rfe1 c5 18. bxc5 bxc5 19. Ne2 f6 20. Nf4 Bd7 21. e6 Bc6 22. Qh5 Qc8 23. Ng6 Nd6 24. Ne7+ 1-0

[Event "La Laguna op 4th"]
[Site "La Laguna"]
[Date "2010.04.07"]
[Round "4"]
[White "Todorcevic, Miodrag"]
[Black "Mekhitarian, Krikor Sevag"]
[Result "0-1"]
[WhiteElo "2437"]
[BlackElo "2490"]
[PlyCount "52"]
[EventDate "2010.04.05"]
[EventType "swiss"]
[EventRounds "9"]
[EventCountry "ESP"]
[SourceTitle "CBM 135 Extra"]
[Source "ChessBase"]
[SourceDate "2010.05.04"]
[SourceVersion "1"]
[SourceVersionDate "2010.05.04"]
[SourceQuality "1"]

1. e4 c5 2. d3 Nc6 3. g3 g6 4. Bg2 Bg7 5. c3 d6 6. Nf3 e5 7. 0-0 Nge7 8. a3 0-0 9. b4 a6 10. Be3 b6 11. Nbd2 h6 12. Rb1 Be6 13. Nb3 c4 14. dxc4 Bxc4 15. Re1 d5 16. exd5 Nxd5 17. Bd2 Re8 18. Nh4 Rc8 19. Qc2 Nf4 20. Rbd1 Nxg2 21. Nxg2 Bd3 22. Qc1 Kh7 23. Kh1 Nd4 24. Nxd4 exd4 25. Rxe8 Qxe8 26. Re1 Qd7 0-1

[Event "Belgrade-chT"]
[Site "Belgrade"]
[Date "2009.10.09"]
[Round "6"]
[White "Todorcevic, Miodrag"]
[Black "Kerecki, Ljubisa"]
[Result "1-0"]
[WhiteElo "2450"]
[BlackElo "2187"]
[PlyCount "116"]
[EventDate "2009.10.04"]
[EventType "team-tourn"]
[EventRounds "9"]
[EventCountry "YUG"]
[SourceTitle "CBM 132 Extra"]
[Source "ChessBase"]
[SourceDate "2009.11.03"]
[SourceVersion "1"]
[SourceVersionDate "2009.11.03"]
[SourceQuality "1"]

1. Nf3 d5 2. c4 c6 3. d4 Nf6 4. Nc3 e6 5. e3 Nbd7 6. Bd2 Be7 7. Rc1 0-0 8. Bd3 dxc4 9. Bxc4 c5 10. 0-0 b6 11. Qe2 Bb7 12. Rfd1 Rc8 13. Bb5 Qc7 14. e4 Rfd8 15. e5 Nd5 16. Ne4 Qb8 17. Bg5 cxd4 18. Rxc8 Qxc8 19. Bxe7 Nxe7 20. Nd6 Bxf3 21. gxf3 Qc7 22. f4 Nc5 23. Be8 Rxd6 24. exd6 Qxd6 25. b4 Nd7 26. Bxd7 Qxd7 27. Qe4 g6 28. Rxd4 Nd5 29. Rc4 Nxb4 30. Rxb4 Qd1+ 31. Kg2 Qg4+ 32. Kf1 Qh3+ 33. Ke2 Qxh2 34. Rc4 Qh5+ 35. Ke3 Qh3+ 36. Kd2 Kg7 37. Qd4+ Kh6 38. Rc3 Qh2 39. Kc1 Qg2 40. Kb2 Qf1 41. a4 b5 42. Rc1 Qg2 43. axb5 Qb7 44. Ka2 f6 45. Qc4 Qf3 46. Rc2 Kh5 47. Qxe6 f5 48. Qe3 Qd5+ 49. Qb3 Qg2 50. f3 Qg1 51. Qb2 Kh4 52. Rg2 Qf1 53. Qf2+ Qxf2+ 54. Rxf2 Kg3 55. Rc2 h5 56. Rc7 h4 57. Rxa7 Kxf4 58. b6 Kxf3 1-0

[Event "Belgrade-chT"]
[Site "Belgrade"]
[Date "2009.10.04"]
[Round "1"]
[White "Todorcevic, Miodrag"]
[Black "Velimirovic, Dragoljub"]
[Result "1-0"]
[WhiteElo "2450"]
[BlackElo "2438"]
[PlyCount "63"]
[EventDate "2009.10.04"]
[EventType "team-tourn"]
[EventRounds "9"]
[EventCountry "YUG"]
[SourceTitle "CBM 132 Extra"]
[Source "ChessBase"]
[SourceDate "2009.11.03"]
[SourceVersion "1"]
[SourceVersionDate "2009.11.03"]
[SourceQuality "1"]

1. e4 d6 2. Nf3 Nf6 3. d3 g6 4. g3 Bg7 5. Bg2 c5 6. Nbd2 Nc6 7. c3 Bd7 8. 0-0 Qc8 9. Re1 Bh3 10. Bh1 0-0 11. a4 h6 12. Nc4 Ng4 13. Ne3 e5 14. Nh4 Nxe3 15. Bxe3 g5 16. Nf5 Bxf5 17. exf5 Qxf5 18. h4 g4 19. a5 a6 20. Ra4 Qd7 21. Rxg4 f5 22. Rg6 f4 23. Bc1 fxg3 24. Rxg3 Rf6 25. Bd5+ Kh8 26. Bg5 Rff8 27. Qh5 Qf5 28. Rf3 Qh7 29. Be4 Qg8 30. Bg6 Rxf3 31. Bxh6 Qe6 32. Bg5+ 1-0

[Event "Boskovic Memorial"]
[Site "Belgrade"]
[Date "2009.10.01"]
[Round "2.1"]
[White "Milanovic, Danilo"]
[Black "Todorcevic, Miodrag"]
[Result "1-0"]
[WhiteElo "2533"]
[BlackElo "2450"]
[PlyCount "51"]
[EventDate "2009.09.30"]
[EventType "k.o."]
[EventRounds "7"]
[EventCountry "YUG"]
[SourceTitle "CBM 132 Extra"]
[Source "ChessBase"]
[SourceDate "2009.11.03"]
[SourceVersion "1"]
[SourceVersionDate "2009.11.03"]
[SourceQuality "1"]

1. Nf3 g6 2. d4 Bg7 3. c4 d6 4. Nc3 Nd7 5. e4 e5 6. Be2 Ngf6 7. 0-0 0-0 8. Qc2 exd4 9. Nxd4 c6 10. Bf4 Ne5 11. Rad1 Qe7 12. Qd2 Ne8 13. Bg3 h5 14. f4 h4 15. Be1 Nd7 16. h3 Nc5 17. Qc2 f5 18. exf5 Bxf5 19. Qd2 Bf6 20. Bf2 Ng7 21. Rfe1 Nce6 22. Bd3 Bxd4 23. Bxd4 Qf7 24. Be2 Nxd4 25. Qxd4 Qc7 26. Qf2 1-0

[Event "La Laguna op 3rd"]
[Site "La Laguna"]
[Date "2009.05.09"]
[Round "8"]
[White "Todorcevic, Miodrag"]
[Black "Movsziszian, Karen"]
[Result "0-1"]
[WhiteElo "2452"]
[BlackElo "2556"]
[PlyCount "81"]
[EventDate "2009.05.04"]
[EventType "swiss"]
[EventRounds "9"]
[EventCountry "ESP"]
[SourceTitle "CBM 130 Extra"]
[Source "ChessBase"]
[SourceDate "2009.07.02"]
[SourceVersion "2"]
[SourceVersionDate "2009.07.15"]
[SourceQuality "1"]

1. Nf3 Nf6 2. g3 g6 3. Bg2 Bg7 4. 0-0 0-0 5. d4 d6 6. c4 Nbd7 7. Nc3 e5 8. dxe5 dxe5 9. Qc2 c6 10. b3 Re8 11. Rd1 Qe7 12. a4 a5 13. Ba3 Nc5 14. Nd2 Bf5 15. e4 Bg4 16. f3 Bc8 17. b4 Ne6 18. bxa5 Nd4 19. Qb2 Qc7 20. Nb3 Nxb3 21. Qxb3 Qxa5 22. Qb4 Bf8 23. Qxa5 Rxa5 24. Bxf8 Kxf8 25. Rab1 Ke7 26. f4 Rd8 27. Rxd8 Kxd8 28. Rd1+ Ke7 29. Rb1 exf4 30. gxf4 Nh5 31. f5 Nf4 32. Bf1 gxf5 33. exf5 Rxf5 34. Re1+ Kd8 35. Ne4 Be6 36. Nd6 Rg5+ 37. Kf2 Kc7 38. Ne8+ Kd7 39. Nf6+ Kd6 40. Rb1 Bc8 41. c5+ 0-1

[Event "Le Mans op 22nd"]
[Site "Le Mans"]
[Date "2008.12.23"]
[Round "6"]
[White "Sorbe, Stephane"]
[Black "Todorcevic, Miodrag"]
[Result "1/2-1/2"]
[WhiteElo "2317"]
[BlackElo "2447"]
[PlyCount "78"]
[EventDate "2008.12.23"]
[EventType "swiss"]
[EventRounds "9"]
[EventCountry "FRA"]
[SourceTitle "EXT 2015"]
[Source "ChessBase"]
[SourceDate "2014.11.20"]
[SourceVersion "1"]
[SourceVersionDate "2014.11.20"]
[SourceQuality "1"]

1. e4 g6 2. Nc3 Bg7 3. g3 c5 4. Bg2 Nc6 5. d3 d6 6. f4 e5 7. Nh3 Bxh3 8. Bxh3 exf4 9. Bxf4 Nge7 10. Qd2 0-0 11. Bg2 Nd4 12. 0-0 Qd7 13. Bh6 Rae8 14. Rf2 b5 15. Bxg7 Kxg7 16. a3 a5 17. Ne2 Nxe2+ 18. Rxe2 Nc6 19. Rf1 f6 20. Ref2 Qe7 21. c3 Ne5 22. d4 Nc4 23. Qd3 a4 24. e5 dxe5 25. dxe5 fxe5 26. Rxf8 Rxf8 27. Rxf8 Kxf8 28. Bc6 Nd6 29. Qd5 e4 30. Qxc5 e3 31. Bf3 Nc4 32. Qd4 Qe5 33. Qxe5 Nxe5 34. Be2 Nc4 35. Kg2 Ke7 36. Kf3 Kd6 37. Bxc4 bxc4 38. Kxe3 Ke5 39. g4 g5 1/2-1/2

[Event "Le Mans op 22nd"]
[Site "Le Mans"]
[Date "2008.12.23"]
[Round "8"]
[White "Todorcevic, Miodrag"]
[Black "Ipatov, Alexander"]
[Result "1/2-1/2"]
[WhiteElo "2447"]
[BlackElo "2487"]
[PlyCount "65"]
[EventDate "2008.12.23"]
[EventType "swiss"]
[EventRounds "9"]
[EventCountry "FRA"]
[SourceTitle "EXT 2015"]
[Source "ChessBase"]
[SourceDate "2014.11.20"]
[SourceVersion "1"]
[SourceVersionDate "2014.11.20"]
[SourceQuality "1"]

1. e4 e5 2. Nf3 Nf6 3. Nc3 Nc6 4. Bb5 Bb4 5. Nd5 Nxd5 6. exd5 e4 7. dxc6 dxc6 8. Be2 exf3 9. Bxf3 Qe7+ 10. Qe2 Qxe2+ 11. Bxe2 Bf5 12. c3 Bd6 13. d4 0-0 14. 0-0 Rfe8 15. Be3 Re7 16. Rfd1 a6 17. Bf1 h6 18. c4 Rd7 19. Bd3 Be6 20. Rac1 Rad8 21. f4 Bg4 22. Rf1 Re7 23. Bd2 Bc5 24. dxc5 Rxd3 25. Ba5 Rd4 26. b3 Re2 27. Bc3 Rde4 28. h3 Bf5 29. a4 b6 30. Rf3 R4e3 31. Rxe3 Rxe3 32. Kf2 Rd3 33. b4 1/2-1/2

[Event "El Sauzal op 8th"]
[Site "El Sauzal"]
[Date "2007.11.04"]
[Round "9"]
[White "Hernandez Leon, Alberto"]
[Black "Todorcevic, Miodrag"]
[Result "0-1"]
[WhiteElo "2207"]
[BlackElo "2448"]
[PlyCount "49"]
[EventDate "2007.11.03"]
[EventType "swiss (rapid)"]
[EventRounds "9"]
[EventCountry "ESP"]
[SourceTitle "CBM 121 Extra"]
[Source "ChessBase"]
[SourceDate "2008.01.10"]
[SourceVersion "1"]
[SourceVersionDate "2008.01.10"]
[SourceQuality "1"]

1. e4 g6 2. d4 Bg7 3. Nc3 d6 4. f4 a6 5. Nf3 b5 6. Bd3 Nc6 7. e5 dxe5 8. dxe5 Nh6 9. Be4 Qxd1+ 10. Nxd1 Bb7 11. Be3 0-0 12. Bc5 Rfe8 13. Ne3 e6 14. 0-0-0 Na5 15. Ng5 Rab8 16. Rd7 Bxe4 17. Nxe4 Nb7 18. Bb4 a5 19. Be7 Nf5 20. Nxf5 gxf5 21. Nf6+ Bxf6 22. exf6 h6 23. Rhd1 Kh7 24. R1d3 Rg8 25. g3 0-1

[Event "El Sauzal op 8th"]
[Site "El Sauzal"]
[Date "2007.11.04"]
[Round "8"]
[White "Todorcevic, Miodrag"]
[Black "Garcia de la Banda, Francisco"]
[Result "1/2-1/2"]
[WhiteElo "2448"]
[BlackElo "2174"]
[PlyCount "52"]
[EventDate "2007.11.03"]
[EventType "swiss (rapid)"]
[EventRounds "9"]
[EventCountry "ESP"]
[SourceTitle "CBM 121 Extra"]
[Source "ChessBase"]
[SourceDate "2008.01.10"]
[SourceVersion "1"]
[SourceVersionDate "2008.01.10"]
[SourceQuality "1"]

1. e4 d6 2. d4 Nf6 3. Nc3 g6 4. f3 Bg7 5. Be3 0-0 6. Qd2 e5 7. Nge2 c6 8. 0-0-0 Qc7 9. Bh6 b5 10. Bxg7 Kxg7 11. Ng3 Be6 12. d5 cxd5 13. exd5 Bd7 14. h4 h6 15. h5 g5 16. Bxb5 Qb6 17. Bxd7 Nbxd7 18. Nf5+ Kh7 19. Na4 Qa6 20. b3 Nb6 21. Qd3 Qxd3 22. Rxd3 Nxa4 23. bxa4 Rfd8 24. Rb3 Rd7 25. Ne3 Rc8 26. c4 Rc5 1/2-1/2

[Event "El Sauzal op 8th"]
[Site "El Sauzal"]
[Date "2007.11.03"]
[Round "2"]
[White "Todorcevic, Miodrag"]
[Black "Martin Hernandez, Jonas David"]
[Result "0-1"]
[WhiteElo "2448"]
[BlackElo "2005"]
[PlyCount "44"]
[EventDate "2007.11.03"]
[EventType "swiss (rapid)"]
[EventRounds "9"]
[EventCountry "ESP"]
[SourceTitle "CBM 121 Extra"]
[Source "ChessBase"]
[SourceDate "2008.01.10"]
[SourceVersion "1"]
[SourceVersionDate "2008.01.10"]
[SourceQuality "1"]

1. e4 d5 2. Nc3 d4 3. Nce2 e5 4. Ng3 Nf6 5. Bc4 Nc6 6. Nf3 a6 7. a4 Bb4 8. 0-0 0-0 9. d3 Be6 10. Bxe6 fxe6 11. Ng5 Qe8 12. f4 exf4 13. Bxf4 Bd6 14. c3 h5 15. Bxd6 cxd6 16. Qb3 d5 17. exd5 exd5 18. Rae1 Qg6 19. Ne6 Rf7 20. Nf5 Re8 21. Nf4 Qxf5 22. Rxe8+ Nxe8 0-1

[Event "El Sauzal op 7th"]
[Site "El Sauzal"]
[Date "2006.11.04"]
[Round "3"]
[White "Todorcevic, Miodrag"]
[Black "Hernandez Leon, Alberto"]
[Result "1-0"]
[WhiteElo "2465"]
[BlackElo "2179"]
[PlyCount "38"]
[EventDate "2006.11.04"]
[EventType "swiss (rapid)"]
[EventRounds "9"]
[EventCountry "ESP"]
[SourceTitle "CBM 115 Extra"]
[Source "ChessBase"]
[SourceDate "2007.01.10"]
[SourceVersion "1"]
[SourceVersionDate "2007.01.10"]
[SourceQuality "1"]

1. g3 Nf6 2. Bg2 g6 3. d4 Bg7 4. e4 d6 5. Nc3 0-0 6. Nge2 Nbd7 7. 0-0 c5 8. d5 a6 9. a4 Rb8 10. a5 b5 11. axb6 Nxb6 12. Ra2 Qc7 13. h3 e6 14. dxe6 Bxe6 15. Rxa6 Qc8 16. Ra7 Bxh3 17. Qxd6 Bxg2 18. Kxg2 Rb7 19. Rxb7 Qxb7 1-0

[Event "ESP-chT 1st div South"]
[Site "Santa Cruz de Tenerife"]
[Date "2006.08.25"]
[Round "4"]
[White "Korneev, Oleg"]
[Black "Todorcevic, Miodrag"]
[Result "1-0"]
[WhiteElo "2638"]
[BlackElo "2459"]
[PlyCount "87"]
[EventDate "2006.08.23"]
[EventType "team"]
[EventRounds "5"]
[EventCountry "ESP"]
[SourceTitle "CBM 113 Extra"]
[Source "ChessBase"]
[SourceDate "2006.09.14"]
[SourceVersion "1"]
[SourceVersionDate "2006.09.14"]
[SourceQuality "1"]

1. e4 e5 2. Nf3 Nc6 3. Bb5 a6 4. Ba4 Nf6 5. 0-0 Be7 6. Re1 b5 7. Bb3 0-0 8. c3 d5 9. d4 dxe4 10. Nxe5 Bb7 11. Nd2 Na5 12. Bc2 c5 13. Nxe4 cxd4 14. Nxf6+ Bxf6 15. cxd4 Rc8 16. Bf4 Nc4 17. Bf5 Nxb2 18. Qg4 g6 19. Bh6 Bxe5 20. dxe5 Rc4 21. Qg3 Qh4 22. Bxf8 Qxg3 23. hxg3 Kxf8 24. Re2 Na4 25. Bc2 Nc3 26. Rd2 Ke7 27. Bb3 Rc7 28. a4 b4 29. a5 Bc8 30. Kf1 Bd7 31. Rd4 Bb5+ 32. Ke1 Rc5 33. f4 Ne2 34. Rxb4 Nxg3 35. Ba4 Bxa4 36. Raxa4 g5 37. Rb7+ Kf8 38. Kf2 Nf5 39. g4 Rc2+ 40. Kf3 Nh4+ 41. Ke3 gxf4+ 42. Rxf4 Ng2+ 43. Kd3 Ne1+ 44. Ke4 1-0